Statistiques concernant Ecurie Vainqueurs des 24 Heures du Mans

Cliquez ici pour prendre le quiz!

Statistiques générales

  • Ce quiz a été pris 385 fois
  • Le résultat moyen est 66 sur 90

Statistiques - réponses

HintRéponse% Correct
1958Ferrari
99%
1954Ferrari
99%
1960Ferrari
99%
1961Ferrari
99%
1962Ferrari
99%
1963Ferrari
99%
1949Ferrari
99%
1964Ferrari
99%
1965Ferrari
99%
1986Porsche
93%
1987Porsche
93%
1979Porsche
93%
1994Porsche
93%
1970Porsche
93%
1971Porsche
93%
1984Porsche
93%
1983Porsche
93%
1982Porsche
93%
2016Porsche
93%
1976Porsche
93%
1977Porsche
93%
1981Porsche
93%
1985Porsche
93%
1996Porsche
93%
2015Porsche
93%
1998Porsche
93%
1997Porsche
93%
2017Porsche
93%
2018Toyota
91%
2021Toyota
91%
2020Toyota
91%
2019Toyota
91%
2022Toyota
91%
2009Peugeot
90%
1992Peugeot
90%
1993Peugeot
90%
2002Audi
89%
2004Audi
89%
2001Audi
89%
2005Audi
89%
2006Audi
89%
2007Audi
89%
2008Audi
89%
2010Audi
89%
2011Audi
89%
2012Audi
89%
2000Audi
89%
2013Audi
89%
2014Audi
89%
1966Ford
87%
1969Ford
87%
1968Ford
87%
1967Ford
87%
1999BMW
74%
1955Jaguar
65%
1953Jaguar
65%
1956Jaguar
65%
1957Jaguar
65%
1951Jaguar
65%
1988Jaguar
65%
1990Jaguar
65%
1959Aston Martin
64%
1939Bugatti
64%
1937Bugatti
64%
1995Mclaren
64%
1928Bentley
60%
1930Bentley
60%
1927Bentley
60%
1929Bentley
60%
1924Bentley
60%
2003Bentley
60%
1991Mazda
58%
1934Alfa Romeo
55%
1933Alfa Romeo
55%
1932Alfa Romeo
55%
1931Alfa Romeo
55%
1974Matra
40%
1972Matra
40%
1973Matra
40%
1989Sauber
32%
1952Mercedes-Benz
31%
1923Chenard et Walcker
24%
1978Renault Alpine
24%
1980Rondeau
23%
1938Delahaye
16%
1935Lagonda
15%
1926Lorraine-Dietrich
15%
1925Lorraine-Dietrich
15%
1975Mirage
15%
1950Talbot-Lago
12%

Distribution des résultats

Percentile par nombre de réponses

% des personnes avec chaque résultat

Votre développement - résultats

Vous n’avez pas pris ce quiz